000 00605nam a2200133Ia 4500
008 171212s9999 xx 000 0 und d
020 _a9781920942625
100 _aFenner, Frank
245 _cFenner, Frank
_aNature, Nurture and Chance
_bThe Lives of Frank and Charles Fenner
260 _bANU E Press
_c2006
650 _aFenner, Frank, 1914-; Fenner, Charles, 1884-1955; Microbiologists -- Australia -- Biography; Virologists -- Australia -- Biography; Geographers -- Australia -- Biography; Educators -- Australia -- Biography
650 _aHistory
856 _uwww.jstor.org/stable/10.2307/j.ctt2jbk7t
999 _c351218
_d351218